MARC details
| 000 -LEADER |
| fixed length control field |
01550cam a2200385 a 4500 |
| 001 - CONTROL NUMBER |
| control field |
14887934 |
| 003 - CONTROL NUMBER IDENTIFIER |
| control field |
OSt |
| 005 - DATE AND TIME OF LATEST TRANSACTION |
| control field |
20150805145454.0 |
| 008 - FIXED-LENGTH DATA ELEMENTS--GENERAL INFORMATION |
| fixed length control field |
070612s2005 enka f b 001 0 eng c |
| 010 ## - LIBRARY OF CONGRESS CONTROL NUMBER |
| LC control number |
2007297791 |
| 020 ## - INTERNATIONAL STANDARD BOOK NUMBER |
| International Standard Book Number |
9781121903777 |
| 020 ## - INTERNATIONAL STANDARD BOOK NUMBER |
| International Standard Book Number |
1121903770 |
| 035 ## - SYSTEM CONTROL NUMBER |
| System control number |
(OCoLC)ocm59169162 |
| 035 ## - SYSTEM CONTROL NUMBER |
| System control number |
(OCoLC)59169162 |
| 040 ## - CATALOGING SOURCE |
| Original cataloging agency |
SEKU |
| 042 ## - AUTHENTICATION CODE |
| Authentication code |
pcc |
| 050 00 - LIBRARY OF CONGRESS CALL NUMBER |
| Classification number |
HA 32 |
| Item number |
.S6 2013 |
| 245 10 - TITLE STATEMENT |
| Title |
SPSS survival manual |
| 250 ## - EDITION STATEMENT |
| Edition statement |
5th ed. |
| 260 ## - PUBLICATION, DISTRIBUTION, ETC. (IMPRINT) |
| Place of publication, distribution, etc. |
Maidenhead, Berkshire. U.K. ; |
| -- |
New York, NY : |
| Name of publisher, distributor, etc. |
Open University Press, |
| Date of publication, distribution, etc. |
c2005. |
| 300 ## - PHYSICAL DESCRIPTION |
| Extent |
xvi, 318 p. : |
| Other physical details |
ill. ; |
| Dimensions |
26 cm. |
| 500 ## - GENERAL NOTE |
| General note |
Spiral bound. |
| 504 ## - BIBLIOGRAPHY, ETC. NOTE |
| Bibliography, etc |
Includes bibliographical references (p. 313-315) and index. |
| 630 00 - SUBJECT ADDED ENTRY--UNIFORM TITLE |
| Uniform title |
SPSS for Windows. |
| 630 06 - SUBJECT ADDED ENTRY--UNIFORM TITLE |
| Uniform title |
SPSS pour Windows (Logiciel) |
| 650 #0 - SUBJECT ADDED ENTRY--TOPICAL TERM |
| Topical term or geographic name as entry element |
Social sciences |
| General subdivision |
Research |
| -- |
Statistical methods. |
| 650 #0 - SUBJECT ADDED ENTRY--TOPICAL TERM |
| Topical term or geographic name as entry element |
Social sciences |
| General subdivision |
Statistical methods |
| -- |
Computer programs. |
| 650 #6 - SUBJECT ADDED ENTRY--TOPICAL TERM |
| Topical term or geographic name as entry element |
Sciences sociales |
| General subdivision |
Recherche |
| -- |
Méthodes statistiques |
| Form subdivision |
Guides, manuels, etc. |
| 650 #6 - SUBJECT ADDED ENTRY--TOPICAL TERM |
| Topical term or geographic name as entry element |
Sciences sociales |
| General subdivision |
Méthodes statistiques |
| -- |
Logiciels |
| Form subdivision |
Guides, manuels, etc. |
| 650 #6 - SUBJECT ADDED ENTRY--TOPICAL TERM |
| Topical term or geographic name as entry element |
Sciences sociales |
| General subdivision |
Méthodes statistiques |
| -- |
Informatique |
| Form subdivision |
Guides, manuels, etc. |
| 856 41 - ELECTRONIC LOCATION AND ACCESS |
| Materials specified |
Table of contents only |
| Uniform Resource Identifier |
<a href="http://www.loc.gov/catdir/enhancements/fy0737/2007297791-t.html">http://www.loc.gov/catdir/enhancements/fy0737/2007297791-t.html</a> |
| 856 42 - ELECTRONIC LOCATION AND ACCESS |
| Materials specified |
Publisher description |
| Uniform Resource Identifier |
<a href="http://www.loc.gov/catdir/enhancements/fy0737/2007297791-d.html">http://www.loc.gov/catdir/enhancements/fy0737/2007297791-d.html</a> |
| 856 42 - ELECTRONIC LOCATION AND ACCESS |
| Materials specified |
Contributor biographical information |
| Uniform Resource Identifier |
<a href="http://www.loc.gov/catdir/enhancements/fy0737/2007297791-b.html">http://www.loc.gov/catdir/enhancements/fy0737/2007297791-b.html</a> |
| 942 ## - ADDED ENTRY ELEMENTS (KOHA) |
| Source of classification or shelving scheme |
Library of Congress Classification |
| Koha item type |
General circulation |